Najbardziej zjarane państwa - Statystyki

Ogólne statystyki
  • Ten quiz został rozwiązany 59 razy
  • Średni wynik to 3 z 10
Statystyki odpowiedzi
część Państwo % Poprawnych
17,4% Stany Zjednoczone
95%
15,7% Kanada
77%
18,0% Jamajka
61%
16,3% Chile
29%
15,3% Nowa Zelandia
21%
15,2% Urugwaj
20%
12,5% Madagaskar
7%
27,0% Izrael
5%
13,0% Zambia
4%
13,5% Bermuda
2%
Nie znaleziono quizów pasujących do podanych kryteriów
Rozkład punktacji
Procent ludzi z każdym wynikiem
Percentyl według liczby udzielonych odpowiedzi
Twoja historia wyników
Nie rozwiązałeś tego quizu